00940nam a2200217 a 4500001001000000005001700010008004100027020001500068050002200083245019400105260002700299300003200326500016700358500002600525650002300551650004200574650004800616700002000664700002000684700001800704BRCA_125820190320203342.0300805s1998----mx-a---###---#000-0#spa-# a9687646772 4aNK4031b.S65 199810aSolo un guiñobescultura mexicana en cerámicaccuraduría, coordinadión y textos Ingrid Suckaer ; traducción Eric Hamovitch, Olivia Bravo ; fotografía Cristina y Guillermo Kahlo. aMéxicobPraxisc1998 a146 p.bil. a colorc21 cm. aCatálogo de la exposición realizada en el Padrão dos Descobrimentos (Lisboa), en el marco de la presencia de México en Expo Lisboa ´98, 6-30 agosto, 1998 aIncluye lista de obra14aEscultura mexicana14aEscultura modernaySiglo XXzMéxico14aEscultura en cerámicaySiglo XXzMéxico1 aSuckaer, Ingrid1 aHamovitch, Eric1 aBravo, Olivia